Are Emerging Asia's Reserves Really Too High? /

Empirical analysis does not suggest that reserves are "too high" in the majority of Asian countries, though China may be a special case. Much of the reserve increase in Asia can be explained by an optimal insurance model under which reserves provide a steady source of liquidity to cushion...

Ful tanımlama

Detaylı Bibliyografya
Yazar: Ruiz-Arranz, Marta
Diğer Yazarlar: Zavadjil, Milan
Materyal Türü: Dergi
Dil:English
Baskı/Yayın Bilgisi: Washington, D.C. : International Monetary Fund, 2008.
Seri Bilgileri:IMF Working Papers; Working Paper ; No. 2008/192
Online Erişim:Full text available on IMF
LEADER 01750cas a2200253 a 4500
001 AALejournalIMF005241
008 230101c9999 xx r poo 0 0eng d
020 |c 5.00 USD 
020 |z 9781451870503 
022 |a 1018-5941 
040 |a BD-DhAAL  |c BD-DhAAL 
100 1 |a Ruiz-Arranz, Marta. 
245 1 0 |a Are Emerging Asia's Reserves Really Too High? /  |c Marta Ruiz-Arranz, Milan Zavadjil. 
264 1 |a Washington, D.C. :  |b International Monetary Fund,  |c 2008. 
300 |a 1 online resource (34 pages) 
490 1 |a IMF Working Papers 
500 |a <strong>Off-Campus Access:</strong> No User ID or Password Required 
500 |a <strong>On-Campus Access:</strong> No User ID or Password Required 
506 |a Electronic access restricted to authorized BRAC University faculty, staff and students 
520 3 |a Empirical analysis does not suggest that reserves are "too high" in the majority of Asian countries, though China may be a special case. Much of the reserve increase in Asia can be explained by an optimal insurance model under which reserves provide a steady source of liquidity to cushion the impact of a sudden stop in capital inflows on output and consumption. Moreover, the benefits of reserves in terms of reduced spreads on privately held external debt further explains the observed growth in reserves since 1997-98. Using threshold estimation techniques, the paper shows that most of Asia can still benefit from higher reserves in terms of reduced borrowing costs. 
538 |a Mode of access: Internet 
700 1 |a Zavadjil, Milan. 
830 0 |a IMF Working Papers; Working Paper ;  |v No. 2008/192 
856 4 0 |z Full text available on IMF  |u http://elibrary.imf.org/view/journals/001/2008/192/001.2008.issue-192-en.xml  |z IMF e-Library